| 000 | 02641cam a2200409 i 4500 | ||
|---|---|---|---|
| 999 |
_c41531 _d41531 |
||
| 001 | 18174294 | ||
| 003 | OSt | ||
| 005 | 20220919143831.0 | ||
| 008 | 140602s2015 paua b 001 0 eng | ||
| 010 | _a 2014021574 | ||
| 020 | _a9781609139711 (alk. paper) | ||
| 035 | _a(DNLM)101633736 | ||
| 040 |
_aDNLM/DLC _cDLC _erda _dDLC |
||
| 042 | _apcc | ||
| 050 | 0 | 0 |
_aRC437.5 _b.S244 2015 |
| 060 | 1 | 0 | _aWM 140 |
| 082 | 0 | 0 |
_a616.89 _223 _bSAD/K |
| 100 | 1 |
_aSadock, Benjamin J., _d1933- _eauthor. _99106 |
|
| 245 | 1 | 0 |
_aKaplan & Sadock's synopsis of psychiatry : _bbehavioral sciences/clinical psychiatry / _cBenjamin James Sadock, M.D., Menas S. Gregory Professor of Psychiatry, Department of Psychiatry, New York University School of Medicine; Attending Psychiatrist, Tisch Hospital; Attending Psychiatrist, Bellevue Hospital Center, New York, New York ; Virginia Alcott Sadock, M.D., Professor of Psychiatry, Department of Psychiatry, New York University School of Medicine; Attending Psychiatrist, Tisch Hospital; Attending Psychiatrist, Bellevue Hospital Center, New York, New York ; Pedro Ruiz, M.D., Professor of Psychiatry, Executive Vice-Chair and Director of Clinical Programs, Department of Psychiatry and Behavioral Sciences, University of Miami Miller School of Medicine, Miami, Florida. |
| 246 | 1 | _aKaplan and Sadock's synopsis of psychiatry | |
| 246 | 1 | _aSynopsis of psychiatry | |
| 250 |
_aEleventh edition / _bBenjamin James Sadock, Virginia Alcott Sadock, Pedro Ruiz. |
||
| 264 | 1 |
_aPhiladelphia : _bWolters Kluwer, _c[2015] |
|
| 300 |
_axvi, 1472 pages: _billustrations ; _c27 cm. |
||
| 336 |
_atext _2rdacontent |
||
| 337 |
_aunmediated _2rdamedia |
||
| 338 |
_avolume _2rdacarrier |
||
| 500 | _aPreceded by Kaplan & Sadock's synopsis of psychiatry / Benjamin James Sadock, Virginia Alcott Sadock. 10th ed. 2007. | ||
| 504 | _aIncludes bibliographical references and index. | ||
| 520 |
_a"The goal of this book is to foster professional competence and ensure the highest quality care to those with mental illness. An eclectic, multidisciplinary approach has been its hallmark; thus, biological, psychological, and sociological factors are equitably presented as they affect the person in health and disease"-- _cProvided by publisher. |
||
| 650 | 1 | 2 | _aMental Disorders. |
| 700 | 1 |
_aSadock, Virginia A., _eauthor. |
|
| 700 | 1 |
_aRuiz, Pedro, _d1936- _eauthor. |
|
| 906 |
_a7 _bcbc _corignew _d1 _eecip _f20 _gy-gencatlg |
||
| 942 |
_2ddc _cREF _h616.89 _iSAD/K _k616.89 _mSAD/K |
||